000 00294nam a22001337a 4500
008 260408b ||||| |||| 00| 0 eng d
020 _a9788764917710
041 _aeng
080 _a1.1
100 _a25
101 _apsikologji
245 _aSelf Analysis
_cL.Ron Hubbard
942 _2udc
_cBK
999 _c60966
_d60966